[Event "Mondiale Semilampo FIDE 2024"]
[Site "New York"]
[Date "28.12.2024"]
[Round "10.37"]
[White "Khanin, Semen"]
[Black "Akobian, Varuzhan"]
[Result "1/2-1/2"]
[WhiteTitle "GM"]
[BlackTitle "GM"]
[WhiteElo "2568"]
[BlackElo "2564"]
[WhiteFideId "4111990"]
[BlackFideId "13300580"]
[EventDate "26.12.2024"]

1. d4 e6 2. c4 d5 3. Nc3 c5 4. cxd5 exd5 5. Nf3 Nc6 6. dxc5 d4 7. Na4 Bxc5 8.
Nxc5 Qa5+ 9. Qd2 Qxc5 10. a3 Bg4 11. b4 Qd5 12. Bb2 Rd8 13. b5 Qxb5 14. Nxd4 Qb6
15. e3 Nge7 16. Bd3 Ne5 17. Bb5+ N7c6 18. a4 O-O 19. h3 Bf3 20. Kf1 Be4 21. Be2
Nxd4 22. Bxd4 Nc6 23. a5 Qb3 24. f3 Nxd4 25. exd4 Bc6 26. Kf2 Rfe8 27. Rhd1 a6
28. Bf1 g6 29. Re1 Rxe1 30. Rxe1 Qd5 31. Rd1 Ba4 32. Rb1 Bb5 33. Bxb5 axb5 34.
Qc3 Kg7 35. Rb2 Rd6 36. Qc5 Qxd4+ 37. Qxd4+ Rxd4 38. Rxb5 Ra4 39. g4 h6 40. h4
Ra3 41. g5 hxg5 42. hxg5 Kf8 43. Kg3 Ra4 44. f4 Kg7 45. Kf3 Kf8 1/2-1/2

[Event "Mondiale Semilampo FIDE 2024"]
[Site "New York"]
[Date "28.12.2024"]
[Round "10.38"]
[White "Ghosh, Diptayan"]
[Black "Pichot, Alan"]
[Result "1/2-1/2"]
[WhiteTitle "GM"]
[BlackTitle "GM"]
[WhiteElo "2569"]
[BlackElo "2637"]
[WhiteFideId "5045207"]
[BlackFideId "110973"]
[EventDate "26.12.2024"]

1. d4 Nf6 2. c4 e6 3. Nc3 Bb4 4. e3 b6 5. Ne2 Ne4 6. Bd2 Nxd2 7. Qxd2 d5 8. a3
Be7 9. cxd5 exd5 10. Nf4 c6 11. g3 O-O 12. Bg2 Nd7 13. O-O Nf6 14. b4 a6 15. e4
dxe4 16. Nxe4 Nd5 17. Nxd5 cxd5 18. Nc3 Be6 19. Qa2 Rc8 20. Nxd5 Kh8 21. Qb3 Bf6
22. Rad1 Rc6 23. Qf3 Bxd5 1/2-1/2

[Event "Mondiale Semilampo FIDE 2024"]
[Site "New York"]
[Date "28.12.2024"]
[Round "10.39"]
[White "Manafov, Vugar"]
[Black "Shimanov, Aleksandr"]
[Result "0-1"]
[WhiteTitle "IM"]
[BlackTitle "GM"]
[WhiteElo "2431"]
[BlackElo "2593"]
[WhiteFideId "13410814"]
[BlackFideId "4198603"]
[EventDate "26.12.2024"]

1. Nf3 Nf6 2. g3 c5 3. c4 d5 4. cxd5 Nxd5 5. Bg2 Nc6 6. O-O e5 7. Nc3 Nc7 8. a3
Rb8 9. d3 Be7 10. Nd2 O-O 11. Nc4 f6 12. f4 exf4 13. Bxf4 Be6 14. Bxc7 Qxc7 15.
Bd5 Qd7 16. e4 Kh8 17. Bxe6 Qxe6 18. Ne3 Bd6 19. Ncd5 Be5 20. Qd2 Bd4 21. Kh1
Rbd8 22. Rae1 g6 23. b3 b6 24. Rf3 Ne5 25. Rf4 f5 26. Ref1 Rf7 27. Nc2 Nc6 28.
Nxd4 Nxd4 29. b4 Qe5 30. bxc5 bxc5 31. Qc3 Rxd5 32. exd5 Qxd5+ 33. Kg1 Qe5 34.
Kh1 Qd5+ 35. Kg1 Kg8 36. Re1 Kg7 37. Re3 Rb7 38. Rf1 Rb3 39. Qd2 Rxa3 40. Re7+
Kf6 41. Qe3 Ra2 42. Rf2 Ra1+ 43. Rf1 Nf3+ 44. Kg2 Ne5+ 45. Kh3 Rxf1 46. Rxa7 f4
47. Ra6+ Kg7 48. Ra7+ Kh6 49. Qd2 Nf3 50. Qc3 Ng1+ 0-1

[Event "Mondiale Semilampo FIDE 2024"]
[Site "New York"]
[Date "28.12.2024"]
[Round "10.40"]
[White "Paravyan, David"]
[Black "Ansat, Aldiyar"]
[Result "1/2-1/2"]
[WhiteTitle "GM"]
[BlackTitle "IM"]
[WhiteElo "2620"]
[BlackElo "2479"]
[WhiteFideId "4194985"]
[BlackFideId "13715658"]
[EventDate "26.12.2024"]

1. e4 c5 2. Nf3 Nc6 3. d4 cxd4 4. Nxd4 Nf6 5. Nc3 e5 6. Ndb5 d6 7. Nd5 Nxd5 8.
exd5 Nb8 9. a4 Be7 10. Be2 O-O 11. a5 a6 12. Nc3 Bf5 13. h4 Bxh4 14. Bd3 e4 15.
Nxe4 Re8 16. Ra4 g6 17. Kf1 Bxe4 18. Bxe4 Bg5 19. f4 Bf6 20. c3 Nd7 21. Bc2 Nc5
22. Rb4 Bg7 23. f5 g5 24. Qf3 Qf6 25. Be3 Re5 26. Bxc5 dxc5 27. Rb6 Qe7 28. f6
Bxf6 29. d6 Qe6 30. d7 Qe7 31. Kf2 Bg7 32. Bxh7+ Kf8 33. Bf5 c4 34. Rd1 Qc5+ 35.
Kg3 Rd8 36. Kg4 Re3 37. Qd5 Qe7 38. Qd6 Be5 39. Qh6+ Bg7 40. Qd6 Be5 41. Qh6+
Bg7 42. Qd6 Be5 43. Qxe7+ Kxe7 44. Bb1 Rxd7 45. Rxd7+ Kxd7 46. Rxb7+ Bc7 47.
Kxg5 Rg3+ 48. Kf6 Rxg2 49. Bf5+ Kd6 50. Ra7 Rxb2 51. Rxa6+ Kd5 52. Kxf7 Ra2 53.
Ra7 Bxa5 54. Be6+ Kc5 55. Ra8 Kd6 56. Ra6+ Kc5 57. Ra8 Kd6 58. Bxc4 Rf2+ 59. Kg6
Bxc3 60. Re8 Rf4 61. Bd3 Rf3 1/2-1/2

[Event "Mondiale Semilampo FIDE 2024"]
[Site "New York"]
[Date "28.12.2024"]
[Round "10.41"]
[White "Vachier-Lagrave, Maxime"]
[Black "Kadric, Denis"]
[Result "1-0"]
[WhiteTitle "GM"]
[BlackTitle "GM"]
[WhiteElo "2731"]
[BlackElo "2544"]
[WhiteFideId "623539"]
[BlackFideId "14403803"]
[EventDate "26.12.2024"]

1. e4 d6 2. d4 Nf6 3. f3 e6 4. c4 Be7 5. Nc3 O-O 6. Bd3 c5 7. d5 a6 8. a4 Nbd7
9. f4 exd5 10. exd5 Re8 11. Nge2 Nf8 12. O-O b6 13. Ng3 Bd7 14. h3 Ng6 15. b3
Qc8 16. Ra2 Qb7 17. Re2 Bf8 18. Nce4 Nxe4 19. Nxe4 b5 20. Ng5 bxc4 21. Bxc4 h6
22. Rxe8 Rxe8 23. Nxf7 Bc8 24. f5 Qxf7 25. fxg6 Qxg6 26. Bd3 Qg3 27. Bf4 Qh4 28.
Bg6 Rd8 29. Bb1 Qe7 30. Qd3 g5 31. Bd2 Rd7 32. Bc3 Qe8 33. Re1 Re7 34. Qh7+ Rxh7
35. Bxh7+ 1-0

[Event "Mondiale Semilampo FIDE 2024"]
[Site "New York"]
[Date "28.12.2024"]
[Round "10.42"]
[White "Oparin, Grigoriy"]
[Black "Amar, Elham"]
[Result "1-0"]
[WhiteTitle "GM"]
[BlackTitle "GM"]
[WhiteElo "2653"]
[BlackElo "2534"]
[WhiteFideId "24125890"]
[BlackFideId "1533533"]
[EventDate "26.12.2024"]

1. e4 c6 2. d4 d5 3. e5 c5 4. Nf3 cxd4 5. Nxd4 Nc6 6. Nxc6 bxc6 7. Bd3 e6 8. O-O
Ne7 9. Nd2 a5 10. Nf3 Ba6 11. Bxa6 Rxa6 12. c4 Nf5 13. Qa4 Be7 14. cxd5 Qxd5 15.
Rd1 Qb5 16. Qxb5 cxb5 17. g4 Nh4 18. Nxh4 Bxh4 19. Be3 Rc6 20. a4 bxa4 21. Rxa4
Bd8 22. Bd2 O-O 23. Bc3 Bc7 24. Kg2 h6 25. h4 Rc5 26. Re4 Rd8 27. Rxd8+ Bxd8 28.
h5 Rb5 29. Rc4 Kf8 30. f4 Rb8 31. Kf3 Ke8 32. Rc6 Ra8 33. f5 Kd7 34. Rd6+ Ke7
35. Ke4 a4 36. Bb4 exf5+ 37. gxf5 Ke8 38. Rc6 Be7 39. Bc3 a3 40. bxa3 Bxa3 41.
e6 fxe6 42. fxe6 Ke7 43. Bxg7 Bd6 44. Kf5 Ra5+ 45. Kg6 Ra2 46. Bf8+ Kxf8 47.
Rxd6 Ke7 48. Rb6 Rg2+ 49. Kxh6 Kf6 50. Kh7 Rg7+ 51. Kh8 Re7 52. Kg8 Re8+ 53. Kh7
Re7+ 54. Kh6 Re8 55. e7+ Kf7 56. Rb7 Kf6 57. Kh7 Kf7 58. h6 Kf6 59. Rb6+ Kf5 60.
Kg7 Rxe7+ 61. Kg8 Re8+ 62. Kf7 Ra8 63. h7 Kg5 64. Re6 1-0

[Event "Mondiale Semilampo FIDE 2024"]
[Site "New York"]
[Date "28.12.2024"]
[Round "10.43"]
[White "Sarana, Alexey"]
[Black "Zemlyanskii, Ivan"]
[Result "0-1"]
[WhiteTitle "GM"]
[BlackTitle "GM"]
[WhiteElo "2674"]
[BlackElo "2543"]
[WhiteFideId "24133795"]
[BlackFideId "24249971"]
[EventDate "26.12.2024"]

1. d4 Nf6 2. c4 g6 3. Nc3 d5 4. Bg5 Ne4 5. cxd5 Nxg5 6. h4 Ne4 7. Nxe4 Qxd5 8.
Nc3 Qd8 9. h5 Bg7 10. e3 c5 11. dxc5 Qa5 12. Rc1 O-O 13. Bc4 Nd7 14. hxg6 hxg6
15. Qg4 Ne5 16. Qh4 Re8 17. Nf3 Qxc5 18. Nxe5 Qxe5 19. Qh7+ Kf8 20. O-O Bg4 21.
Qh4 Bf5 22. e4 Bd7 23. Rfd1 Bc6 24. Rd3 Red8 25. Rcd1 Rxd3 26. Rxd3 Bf6 27. Qh6+
Bg7 28. Qh4 Rc8 29. Bb3 Be8 30. f4 g5 31. fxg5 Rc6 32. Qh5 Rg6 33. Rd8 Qc7 34.
Ra8 Qc5+ 35. Kf1 b5 36. Qd1 Qxg5 37. Qe2 Bd4 38. Nd5 Qc1+ 39. Bd1 Rh6 40. Qd3
Qxb2 41. Bc2 Rc6 42. Ne3 Bxe3 43. Qd7 Rf6+ 44. Ke1 Qc3+ 45. Kd1 Rf1+ 46. Ke2
Rf2+ 47. Kd1 Qa1+ 0-1

[Event "Mondiale Semilampo FIDE 2024"]
[Site "New York"]
[Date "28.12.2024"]
[Round "10.44"]
[White "Bok, Benjamin"]
[Black "Lodici, Lorenzo"]
[Result "1-0"]
[WhiteTitle "GM"]
[BlackTitle "GM"]
[WhiteElo "2593"]
[BlackElo "2564"]
[WhiteFideId "1017063"]
[BlackFideId "884189"]
[EventDate "26.12.2024"]

1. Nf3 d5 2. g3 Bg4 3. Bg2 c6 4. O-O Nd7 5. h3 Bh5 6. d4 e6 7. c4 Ngf6 8. cxd5
exd5 9. Qb3 Qb6 10. Qe3+ Be7 11. Nh4 Bg6 12. Nxg6 hxg6 13. Nc3 Qd8 14. Qd3 O-O
15. h4 Re8 16. Rd1 Bb4 17. Bg5 Qe7 18. e3 Qe6 19. Bxf6 Nxf6 20. a3 Bxc3 21. bxc3
b5 22. a4 a6 23. Ra3 Rad8 24. Rda1 Rd6 25. Bf3 Nh7 26. Kg2 g5 27. Rh1 g4 28. Bd1
f5 29. Bc2 g6 30. h5 Rf8 31. hxg6 Qxg6 32. Rh4 Qg7 33. Ra1 Ng5 34. Rah1 Nh3 35.
Qe2 Rg6 36. axb5 cxb5 37. f3 Rg5 38. Bb3 Qd7 39. f4 Rg6 40. e4 Re8 41. e5 Kg7
42. Bc2 Rh6 43. Bxf5 Qxf5 44. Qxg4+ Qxg4 45. Rxg4+ Kf7 46. Rxh3 Rxh3 47. Kxh3 a5
48. f5 a4 49. f6 Rh8+ 50. Kg2 Rh7 51. Rf4 Ke6 52. Rf2 Rc7 53. Rb2 a3 54. Rxb5
Ra7 55. Rb1 a2 56. Ra1 Kf5 57. f7 Rxf7 58. Rxa2 Ke4 59. Rf2 Ra7 60. g4 1-0

[Event "Mondiale Semilampo FIDE 2024"]
[Site "New York"]
[Date "28.12.2024"]
[Round "10.45"]
[White "Svane, Frederik"]
[Black "Donchenko, Alexander"]
[Result "1-0"]
[WhiteTitle "GM"]
[BlackTitle "GM"]
[WhiteElo "2668"]
[BlackElo "2618"]
[WhiteFideId "12923044"]
[BlackFideId "24603295"]
[EventDate "26.12.2024"]

1. e4 c6 2. d4 d5 3. exd5 cxd5 4. Nf3 Nc6 5. Bb5 Bd7 6. c4 Nf6 7. Nc3 a6 8. Bxc6
Bxc6 9. c5 g6 10. Ne5 Bg7 11. O-O O-O 12. Re1 Nd7 13. Bf4 Nxe5 14. Bxe5 f6 15.
Bg3 e5 16. b4 Re8 17. a4 exd4 18. Qxd4 f5 19. Be5 Rxe5 20. Rxe5 Bxe5 21. Qxe5 d4
22. Rd1 Qg5 23. Nd5 d3 24. f4 Qh4 25. Rxd3 Rf8 26. Ne7+ Kf7 27. Nxc6 Re8 28.
Rd7+ 1-0

[Event "Mondiale Semilampo FIDE 2024"]
[Site "New York"]
[Date "28.12.2024"]
[Round "10.46"]
[White "Ibarra Jerez, Jose Carlos"]
[Black "Damjanovic, Vuk"]
[Result "1/2-1/2"]
[WhiteTitle "GM"]
[BlackTitle "IM"]
[WhiteElo "2556"]
[BlackElo "2368"]
[WhiteFideId "2226332"]
[BlackFideId "980021"]
[EventDate "26.12.2024"]

1. e4 e5 2. Nf3 Nf6 3. Nxe5 d6 4. Nc4 Nxe4 5. Qe2 Qe7 6. Ne3 Be6 7. c4 g6 8. Nc3
Nf6 9. d4 Bg7 10. g3 Bd7 11. Bg2 Bc6 12. d5 Bd7 13. O-O O-O 14. a4 a5 15. Re1
Re8 16. Bd2 Na6 17. Qd1 Qf8 18. Nb5 b6 19. Qc2 Bxb5 20. axb5 Nc5 21. b4 axb4 22.
Rxa8 Rxa8 23. Bxb4 Nfd7 24. Bf1 Ra4 25. Rb1 Qa8 26. Bc3 Ne5 27. Be2 Ra2 28. Rb2
Ra3 29. Bb4 Ra1+ 30. Rb1 Ra2 31. Qd1 Ne4 32. Be1 f5 33. Nc2 Qa4 34. Nb4 Qxd1 35.
Bxd1 Ra3 36. Nc2 Ra7 37. Ne3 Nd3 38. Bc2 Ndc5 39. Rd1 Ra2 40. Bb1 Rb2 41. Bxe4
Nxe4 42. Ra1 Bd4 43. Ra8+ Kf7 44. Ra7 Bxe3 45. fxe3 Ng5 46. Rxc7+ Ke8 47. Bc3
Rc2 48. Bd4 Nf3+ 49. Kf1 Rd2 50. Rxh7 Nxh2+ 51. Ke1 Nf3+ 52. Kf1 Nh2+ 53. Ke1
Nf3+ 54. Kf1 Nh2+ 55. Ke1 Nf3+ 1/2-1/2

[Event "Mondiale Semilampo FIDE 2024"]
[Site "New York"]
[Date "28.12.2024"]
[Round "10.47"]
[White "Oro, Faustino"]
[Black "Moradiabadi, Elshan"]
[Result "1/2-1/2"]
[WhiteTitle "IM"]
[BlackTitle "GM"]
[WhiteElo "2433"]
[BlackElo "2512"]
[WhiteFideId "20000197"]
[BlackFideId "12501255"]
[EventDate "26.12.2024"]

1. Nf3 d5 2. e3 g6 3. c4 Nf6 4. b3 Bg7 5. Bb2 O-O 6. Be2 c5 7. cxd5 Qxd5 8. O-O
Nc6 9. Nc3 Qf5 10. Bc4 b6 11. Qe2 Bb7 12. Rfd1 e5 13. d3 Rae8 14. h3 Re7 15. Nd2
Qd7 16. Nde4 Nd8 17. a3 a5 18. Qc2 Kh8 19. Rac1 Nh5 20. b4 f5 21. Nd2 axb4 22.
axb4 cxb4 23. Ne2 f4 24. exf4 exf4 25. Bxg7+ Nxg7 26. Ne4 f3 27. N2g3 fxg2 28.
Kxg2 Qd4 29. Rb1 h5 30. h4 Nf5 31. Qb2 Nxh4+ 32. Kf1 Qxb2 33. Rxb2 Nf3 34. Ne2
Nc6 35. Bd5 Bc8 36. Kg2 Nce5 37. Ng1 Nxd3 38. Rb3 Nf4+ 39. Kh1 Nxd5 40. Rxf3
Rxf3 41. Nxf3 Bg4 42. Neg5 Bxf3+ 43. Nxf3 Nf4 44. Rd4 Ne6 45. Rxb4 Rb7 46. Ne5
Kg7 47. Nc4 b5 48. Nd6 Rb6 49. Nc8 Rb8 50. Nd6 Nc7 51. Rf4 Rb6 52. Rf7+ Kg8 53.
Rd7 Nd5 54. Nc8 Rb8 55. Rxd5 Rxc8 56. Rxb5 Kg7 57. Kg2 Kf6 58. Rb6+ Kg5 59. Rb5+
Kh6 60. Rb4 Rc3 61. Ra4 Rc5 62. Rb4 Kg5 63. f3 Rf5 64. Ra4 Rf4 65. Ra5+ Kh4 66.
Ra6 Kg5 67. Ra5+ Kh6 68. Kg3 Rb4 69. Rc5 h4+ 70. Kg2 Rf4 71. Ra5 Rf5 72. Rxf5
gxf5 73. f4 Kg6 74. Kh2 1/2-1/2

[Event "Mondiale Semilampo FIDE 2024"]
[Site "New York"]
[Date "28.12.2024"]
[Round "10.48"]
[White "Gan-Erdene, Sugar"]
[Black "Nesterov, Arseniy"]
[Result "0-1"]
[WhiteTitle "IM"]
[BlackTitle "GM"]
[WhiteElo "2437"]
[BlackElo "2599"]
[WhiteFideId "4902980"]
[BlackFideId "24198455"]
[EventDate "26.12.2024"]

1. d4 Nf6 2. c4 e6 3. g3 d5 4. Nf3 dxc4 5. Bg2 Bb4+ 6. Nc3 Nc6 7. O-O Rb8 8. a3
Be7 9. Qa4 O-O 10. Qxc4 Nd5 11. e4 Nxc3 12. Qxc3 Bd7 13. b4 a5 14. bxa5 Ra8 15.
Bb2 Bf6 16. Qc2 Nxa5 17. Rac1 Bb5 18. Rfe1 c6 19. a4 Ba6 20. Bc3 Nc4 21. Bf1 b5
22. Bb4 Re8 23. Red1 Bb7 24. Bxc4 bxc4 25. Bc5 Ba6 26. Nd2 Qa5 27. Rb1 c3 28.
Bb4 Qh5 29. Bxc3 Bg5 30. Re1 h6 31. f4 Bf6 32. Re3 c5 33. Nf3 Rec8 34. Qf2 cxd4
35. Bxd4 Bxd4 36. Nxd4 Rc4 37. Reb3 Rac8 38. Rb8 Rxb8 39. Rxb8+ Kh7 40. Rb1 Rxa4
41. e5 Qg6 42. Re1 Bb7 43. f5 exf5 44. e6 fxe6 45. Nxe6 Ra8 46. Qc5 Kh8 47. Nf4
Qf6 48. Qe5 Qc6 49. Qxf5 Qh1+ 50. Kf2 Qxh2+ 51. Ke3 Qxg3+ 52. Kd4 Ra4+ 0-1

[Event "Mondiale Semilampo FIDE 2024"]
[Site "New York"]
[Date "28.12.2024"]
[Round "10.49"]
[White "Adewumi, Tanitoluwa"]
[Black "Woodward, Andy"]
[Result "1-0"]
[WhiteTitle "FM"]
[BlackTitle "GM"]
[WhiteElo "2349"]
[BlackElo "2530"]
[WhiteFideId "30966396"]
[BlackFideId "30953499"]
[EventDate "26.12.2024"]

1. e4 e5 2. Nf3 Nc6 3. Bc4 Nf6 4. d3 h6 5. a4 d6 6. Nc3 g6 7. O-O Bg7 8. Be3 O-O
9. a5 a6 10. Ne2 d5 11. exd5 Nxd5 12. Ng3 Be6 13. Bc5 Re8 14. Re1 b6 15. axb6
cxb6 16. Be3 b5 17. Ba2 Ncb4 18. Bxd5 Nxd5 19. Bd2 Qc7 20. Ba5 Qd6 21. Ne4 Qc6
22. d4 exd4 23. Nxd4 Qc4 24. c3 Nf4 25. Qf3 Nd3 26. Re3 Ne5 27. Qg3 Qd5 28. Bc7
Nc4 29. Re2 f5 30. Nf6+ Bxf6 31. Qxg6+ Bg7 32. Nxe6 Re7 33. Rae1 Kh8 34. b3 Nd6
35. Bxd6 Qxd6 36. Nf8 Bxf8 37. Qxd6 Rxe2 38. Qd1 Rxe1+ 39. Qxe1 Bg7 40. b4 Rc8
41. Qe6 Rxc3 42. g3 Rc4 43. Qxa6 Rxb4 44. Qc8+ Kh7 45. Qxf5+ Kh8 46. f4 Rb2 47.
Qc8+ Kh7 48. Qf5+ Kh8 49. Qg6 b4 50. f5 Rb1+ 51. Kg2 Rb2+ 52. Kh3 Rf2 53. Qe8+
Kh7 54. Qe4 Kh8 55. Kg4 b3 56. Kh5 Rd2 57. f6 Bf8 58. Qe8 Rd5+ 59. Kh4 Rd4+ 60.
Kh3 Kg8 61. f7+ Kg7 62. Qe5+ 1-0

[Event "Mondiale Semilampo FIDE 2024"]
[Site "New York"]
[Date "28.12.2024"]
[Round "10.50"]
[White "Moroni, Luca Jr"]
[Black "Mamedov, Edgar"]
[Result "1-0"]
[WhiteTitle "GM"]
[BlackTitle "IM"]
[WhiteElo "2550"]
[BlackElo "2441"]
[WhiteFideId "865834"]
[BlackFideId "13739980"]
[EventDate "26.12.2024"]

1. c4 e6 2. Nc3 d5 3. d4 Nf6 4. cxd5 exd5 5. Bg5 Be7 6. e3 h6 7. Bf4 O-O 8. Bd3
c5 9. dxc5 Bxc5 10. Nf3 Nc6 11. O-O a6 12. Rc1 Ba7 13. h3 Be6 14. Ne5 d4 15.
Nxc6 bxc6 16. exd4 Bxd4 17. Bb1 c5 18. Qc2 Re8 19. Rfd1 Qe7 20. Ne4 Nxe4 21.
Qxe4 f5 22. Qf3 Qf7 23. Qg3 Bd5 24. Bxh6 Re2 25. Rxd4 cxd4 26. Rc7 Re7 27. Bxg7
Rxc7 28. Be5+ Qg7 29. Bxg7 Rxg7 30. Qd6 Bxg2 31. Bxf5 Be4+ 32. Bg4 Re8 33. Qxd4
Kh7 34. Kh2 Bg6 35. Qb6 Rf7 36. Kg3 Ref8 37. f3 Rf6 38. Qd4 R6f7 39. b4 Rf6 40.
h4 Bf5 41. h5 R8f7 42. Kh4 Bc2 43. Qc3 Bb1 44. a4 Rf4 45. Kg5 Rf8 46. Qc1 Rxb4
47. Qc7+ 1-0

[Event "Mondiale Semilampo FIDE 2024"]
[Site "New York"]
[Date "28.12.2024"]
[Round "10.51"]
[White "Bai, Adelard"]
[Black "Barbosa, Oliver"]
[Result "1-0"]
[WhiteTitle "IM"]
[BlackTitle "GM"]
[WhiteElo "2393"]
[BlackElo "2451"]
[WhiteFideId "16301188"]
[BlackFideId "5201640"]
[EventDate "26.12.2024"]

1. d4 d5 2. c4 e6 3. Nc3 Nf6 4. cxd5 exd5 5. Bf4 c6 6. e3 Bd6 7. Bxd6 Qxd6 8.
Bd3 O-O 9. h3 Re8 10. Qc2 Nbd7 11. Nf3 a5 12. O-O g6 13. Rfe1 Kg7 14. Rac1 Re7
15. a3 h6 16. Re2 Nh5 17. Ree1 f5 18. Na4 Nhf6 19. Nc5 Nf8 20. Ne5 b6 21. Na4 c5
22. Bb5 Bb7 23. Nf3 c4 24. b3 Rc8 25. Ne5 Ne6 26. f3 Rec7 27. bxc4 dxc4 28. Nc3
Qxa3 29. Rb1 Qd6 30. Ba4 Ba6 31. Bb5 Bb7 32. Ba4 Nd5 33. Nb5 Qe7 34. Nxc7 Rxc7
35. Rb5 Qh4 36. Qf2 Qd8 37. Qg3 g5 38. Bc2 Nxe3 39. Rxe3 f4 40. Qg4 Nxd4 41.
Rxb6 fxe3 42. Rg6+ Kf8 43. Rxh6 Rg7 44. Rh8+ Rg8 45. Nd7+ Ke7 46. Rh7+ Kd6 47.
Qxd4+ Bd5 48. Qc5+ Ke6 49. Bf5+ Kxf5 50. Qxd5+ Kg6 51. Qe4# 1-0

[Event "Mondiale Semilampo FIDE 2024"]
[Site "New York"]
[Date "28.12.2024"]
[Round "10.52"]
[White "Zarnicki, Pablo"]
[Black "Onischuk, Alexander"]
[Result "1-0"]
[WhiteTitle "GM"]
[BlackTitle "GM"]
[WhiteElo "2514"]
[BlackElo "2640"]
[WhiteFideId "100137"]
[BlackFideId "14101025"]
[EventDate "26.12.2024"]

1. e4 e5 2. Nf3 Nc6 3. Nc3 Nf6 4. a3 d6 5. d4 Bg4 6. dxe5 dxe5 7. Qxd8+ Rxd8 8.
Bb5 Bxf3 9. Bxc6+ bxc6 10. gxf3 Bc5 11. Be3 Bd4 12. O-O-O Ke7 13. Ne2 Bb6 14.
Rxd8 Rxd8 15. Rd1 Rd6 16. c4 Nd7 17. Rxd6 cxd6 18. Kc2 Ke6 19. b4 f5 20. Kd3
Bxe3 21. exf5+ Kxf5 22. fxe3 Kg5 23. Nc3 Kh4 24. Ne4 Kh3 25. Ng5+ Kxh2 26. Nxh7
Kg3 27. Ng5 d5 28. cxd5 cxd5 29. a4 a6 30. Ke2 d4 31. Ne4+ Kg2 32. Nc5 Nb6 33.
e4 g5 34. a5 Nc8 35. Nd3 Kg3 36. Nxe5 Nd6 37. Nc6 d3+ 38. Kxd3 Kxf3 39. e5 Nb5
40. e6 Kf4 41. e7 Nc7 42. b5 axb5 43. a6 1-0

[Event "Mondiale Semilampo FIDE 2024"]
[Site "New York"]
[Date "28.12.2024"]
[Round "10.53"]
[White "Petrosian, Tigran L."]
[Black "Madaminov, Mukhiddin"]
[Result "0-1"]
[WhiteTitle "GM"]
[BlackTitle "GM"]
[WhiteElo "2551"]
[BlackElo "2501"]
[WhiteFideId "13301616"]
[BlackFideId "14210703"]
[EventDate "26.12.2024"]

1. Nf3 Nf6 2. g3 d5 3. Bg2 e6 4. O-O Be7 5. d3 O-O 6. Nbd2 Nc6 7. b3 e5 8. Bb2
Bd6 9. a3 a5 10. e4 d4 11. Nc4 Be6 12. Nxd6 Qxd6 13. Nh4 a4 14. b4 Na7 15. h3
Nd7 16. f4 f6 17. Nf5 Bxf5 18. exf5 c6 19. Qh5 Nb5 20. Rae1 Rae8 21. Bc1 Qb8 22.
Re4 Nc3 23. Ree1 Re7 24. g4 Qe8 25. Qh4 exf4 26. Rxe7 Qxe7 27. Re1 Qd8 28. Bxf4
Re8 29. Kh2 h6 30. Qf2 Nb5 31. Bc1 Re5 32. Kg1 Qe7 33. Be4 Qf7 34. Bb2 c5 35.
bxc5 Nxc5 36. Bxd4 Nxe4 37. dxe4 Re8 38. Bc5 Qc4 39. Qe3 Nc3 40. e5 Rxe5 0-1

[Event "Mondiale Semilampo FIDE 2024"]
[Site "New York"]
[Date "28.12.2024"]
[Round "10.55"]
[White "Samadov, Read"]
[Black "Bezold, Michael"]
[Result "1/2-1/2"]
[WhiteTitle "IM"]
[BlackTitle "GM"]
[WhiteElo "2501"]
[BlackElo "2469"]
[WhiteFideId "13417444"]
[BlackFideId "4601718"]
[EventDate "26.12.2024"]

1. d4 Nf6 2. c4 c5 3. d5 e5 4. Nc3 d6 5. e4 Be7 6. h3 Nbd7 7. Nf3 Nf8 8. Be3 Ng6
9. g3 Bd7 10. Be2 Qc8 11. h4 h6 12. h5 Nf8 13. Nh4 N8h7 14. Qc2 a6 15. a4 O-O
16. f4 Re8 17. fxe5 dxe5 18. O-O-O Ng4 19. Bxg4 Bxg4 20. Rdf1 Bg5 21. Bxg5 Nxg5
22. Nf5 Bxf5 23. Rxf5 Qc7 24. Rd1 Rad8 1/2-1/2

[Event "Mondiale Semilampo FIDE 2024"]
[Site "New York"]
[Date "28.12.2024"]
[Round "10.56"]
[White "Vokhidov, Shamsiddin"]
[Black "Dudin, Gleb"]
[Result "1-0"]
[WhiteTitle "GM"]
[BlackTitle "GM"]
[WhiteElo "2681"]
[BlackElo "2506"]
[WhiteFideId "14204223"]
[BlackFideId "34184934"]
[EventDate "26.12.2024"]

1. e4 c5 2. Nf3 d6 3. d4 cxd4 4. Nxd4 Nf6 5. Nc3 a6 6. h3 e5 7. Nb3 h6 8. Qf3 b5
9. a4 b4 10. Nd5 Nxd5 11. exd5 a5 12. c3 bxc3 13. Qxc3 Be7 14. Bd2 O-O 15. Nxa5
e4 16. Nc4 Nd7 17. Be2 Nc5 18. Qg3 Ba6 19. Bxh6 Bf6 20. O-O Rb8 21. Rfe1 Nb3 22.
Rad1 Nd4 23. Rxd4 Bxd4 24. Nxd6 Qf6 25. Bg5 Qg6 26. Bxa6 Rxb2 27. Be2 e3 28.
fxe3 Bc3 29. Rf1 Rxe2 30. Nf5 Re8 31. Qg4 Rd2 32. Ne7+ Rxe7 33. Bxe7 Qxg4 34.
hxg4 Rxd5 35. Rc1 Bd2 36. Rc8+ Kh7 37. Kf2 Bxe3+ 38. Kxe3 Re5+ 39. Kd4 Rxe7 40.
a5 Re2 41. a6 Ra2 42. Rc6 Rxg2 43. Kc5 Rxg4 44. a7 Ra4 45. Kb6 f6 46. Rc8 Kg6
47. a8=Q Rxa8 48. Rxa8 Kf5 49. Kc5 g5 50. Kd4 Kf4 51. Rf8 f5 52. Kd3 1-0

[Event "Mondiale Semilampo FIDE 2024"]
[Site "New York"]
[Date "28.12.2024"]
[Round "10.57"]
[White "Tang, Andrew"]
[Black "Harsha, Bharathakoti"]
[Result "1/2-1/2"]
[WhiteTitle "GM"]
[BlackTitle "GM"]
[WhiteElo "2527"]
[BlackElo "2531"]
[WhiteFideId "2059630"]
[BlackFideId "5078776"]
[EventDate "26.12.2024"]

1. d4 Nf6 2. c4 e6 3. Nf3 d5 4. g3 Be7 5. Bg2 O-O 6. O-O dxc4 7. Ne5 Nc6 8. Nxc6
bxc6 9. Na3 Bxa3 10. bxa3 Nd5 11. Qc2 Ba6 12. Qa4 Bb5 13. Qa5 Qc8 14. e4 Nb6 15.
Bf4 Rd8 16. Rfd1 Rd7 17. d5 exd5 18. exd5 Ba4 19. Re1 cxd5 20. Bh3 c5 21. Bd6
Rxd6 22. Bxc8 Rxc8 23. Qxa7 d4 24. Rab1 d3 25. Rxb6 d2 26. Rbb1 dxe1=Q+ 27. Rxe1
Bd7 28. Qb7 h6 29. Rc1 Be6 30. a4 Rcd8 31. Qc7 Rd1+ 32. Rxd1 Rxd1+ 33. Kg2 Bd5+
34. Kh3 Be6+ 35. Kg2 Bd5+ 36. Kh3 Be6+ 37. Kg2 Bd5+ 1/2-1/2